[Event "3. ODEM U25 2006"]
[Site "Willingen GER"]
[Date "2006.06.07"]
[Round "6"]
[White "Stotyn, Fabian"]
[Black "Rau, Hannes"]
[Result "0-1"]
[Termination "normal"]
[Board "1"]
[BlackTitle "IM"]
[WhiteElo "2129"]
[BlackElo "2395"]
[PlyCount "174"]
[WhiteFideId "24611646"]
[BlackFideId "4657594"]
[EventCountry "GER"]
[EventRounds "9"]
[EventType "swiss"]
[EventDate "2006.06.03"]

1. e4 c5 2. Nc3 Nc6 3. f4 g6 4. Bc4 Bg7 5. Nf3 e6 6. O-O Nge7 7. e5 d5 8. exd6
Nf5 9. Ne4 Nxd6 10. Nxd6+ Qxd6 11. d3 O-O 12. Qe1 b6 13. Qh4 Nd4 14. Ng5 h6 15.
Ne4 Qd8 16. Qxd8 Rxd8 17. c3 b5 18. Bb3 Ne2+ 19. Kh1 Nxc1 20. Raxc1 Bf8 21.
Rcd1 Bb7 22. Bc2 Be7 23. Rf2 Rd7 24. Rfd2 f5 25. Ng3 Kf7 26. d4 Rad8 27. Ne2
Bf6 28. Kg1 g5 29. b4 cxb4 30. cxb4 gxf4 31. Kf2 Bh4+ 32. g3 fxg3+ 33. hxg3 Bf6
34. Ke3 Bd5 35. Bd3 a6 36. Nf4 Bg5 37. Be2 Bc4 38. Bf3 Be7 39. a3 Bg5 40. Bh5+
Kg8 41. Bf3 Rd6 42. Be2 Bxe2 43. Kxe2 Kf7 44. Rd3 Rc8 45. Kf3 Rc4 46. Ne2 Ke7
47. Nf4 Kf7 48. Ne2 Ke7 49. Nf4 Kf7 50. Ne2 Rd8 51. Nf4 Rdc8 52. Re1 Rc3 53.
Ree3 Rxd3 54. Rxd3 Rc2 55. Rb3 Ke7 56. g4 Bxf4 57. Kxf4 fxg4 58. Kxg4 Rd2 59.
Kh5 Rxd4 60. Kxh6 Rg4 61. Kh5 Rg1 62. a4 e5 63. axb5 axb5 64. Rc3 Rb1 65. Rc5
Rxb4 66. Rxe5+ Kd6 67. Rf5 Kc6 68. Kg5 Rd4 69. Rf8 b4 70. Kf5 Kb5 71. Ke5 Rd1
72. Ke4 b3 73. Ke3 Kb4 74. Rb8+ Kc3 75. Rc8+ Kb2 76. Ke2 Rd7 77. Ra8 Kc2 78.
Rc8+ Kb1 79. Rb8 b2 80. Ra8 Rd5 81. Ke3 Kc2 82. Rc8+ Kb3 83. Rb8+ Kc3 84. Ke2
Rd4 85. Rc8+ Rc4 86. Rb8 Rb4 87. Rc8+ Kb3 0-1

[Event "3. ODEM U25 2006"]
[Site "Willingen GER"]
[Date "2006.06.07"]
[Round "6"]
[White "Seyb, Alexander"]
[Black "Billing, Christian"]
[Result "1/2-1/2"]
[Termination "normal"]
[Board "2"]
[WhiteElo "2122"]
[BlackElo "2080"]
[PlyCount "43"]
[WhiteFideId "4699033"]
[BlackFideId "4697294"]
[EventCountry "GER"]
[EventRounds "9"]
[EventType "swiss"]
[EventDate "2006.06.03"]

1. e4 d5 2. exd5 Qxd5 3. Nc3 Qa5 4. Bc4 c6 5. d4 Bf5 6. Bd2 Nf6 7. Qe2 Qc7 8.
Nf3 e6 9. O-O-O Be7 10. Nh4 Bg6 11. Rhe1 Nd5 12. Nxg6 hxg6 13. h3 Qd8 14. Ne4
Nd7 15. Bb3 N7f6 16. c4 Nxe4 17. Qxe4 Nf6 18. Qe3 O-O 19. Bc3 Re8 20. Qf3 Qc7
21. Kb1 Rad8 22. g4 1/2-1/2

[Event "3. ODEM U25 2006"]
[Site "Willingen GER"]
[Date "2006.06.07"]
[Round "6"]
[White "Rittemann, Steffen"]
[Black "Daum, Norman"]
[Result "0-1"]
[Termination "normal"]
[Board "3"]
[WhiteElo "2060"]
[BlackElo "2150"]
[PlyCount "74"]
[WhiteFideId "24620009"]
[BlackFideId "4690052"]
[EventCountry "GER"]
[EventRounds "9"]
[EventType "swiss"]
[EventDate "2006.06.03"]

1. e4 e6 2. Nf3 d5 3. e5 c5 4. b4 cxb4 5. d4 Nc6 6. a3 Bd7 7. axb4 Bxb4+ 8. c3
Bf8 9. Bd3 Nge7 10. Ng5 h6 11. Nh3 Na5 12. f4 g6 13. g4 h5 14. Ba3 Nc4 15. Bxc4
dxc4 16. Nd2 Nd5 17. Ne4 Qh4+ 18. Nhf2 Bxa3 19. Rxa3 Ne3 20. Nf6+ Qxf6 21. exf6
Nxd1 22. Kxd1 Bc6 23. Rg1 hxg4 24. Nxg4 Bf3+ 25. Kc1 Bxg4 26. Rxg4 Rxh2 27. Rg5
Rf2 28. Rg4 Rh2 29. Ra4 b5 30. Ra5 Rh5 31. Kb2 Kd7 32. Ka3 a6 33. Kb4 Kc6 34.
Rg5 Kb6 35. Ra1 a5+ 36. Ka3 Rh3 37. Kb2 Rh2+ 0-1

[Event "3. ODEM U25 2006"]
[Site "Willingen GER"]
[Date "2006.06.07"]
[Round "6"]
[White "Nuber, Korbinian"]
[Black "Patzer, Stefan"]
[Result "1/2-1/2"]
[Termination "normal"]
[Board "4"]
[WhiteElo "2121"]
[BlackElo "2033"]
[PlyCount "113"]
[WhiteFideId "24607231"]
[BlackFideId "24601209"]
[EventCountry "GER"]
[EventRounds "9"]
[EventType "swiss"]
[EventDate "2006.06.03"]

1. e4 e5 2. Nf3 Nc6 3. d4 exd4 4. Nxd4 Qh4 5. Nc3 Bb4 6. Ndb5 Qxe4+ 7. Be2
Bxc3+ 8. bxc3 Kd8 9. O-O a6 10. Nd4 Nge7 11. Re1 Nxd4 12. cxd4 Qh4 13. c4 d6
14. Bf3 Nf5 15. Re4 Qf6 16. Bf4 Nh4 17. Qd2 Nxf3+ 18. gxf3 h6 19. c5 Bf5 20.
Re2 Re8 21. cxd6 cxd6 22. Qa5+ Kd7 23. Rb2 b5 24. Rc1 Qxd4 25. Rb4 Qa7 26. Rd1
Re6 27. Rbd4 Rg6+ 28. Bg3 Qb7 29. Rxd6+ Rxd6 30. Rxd6+ Ke8 31. Qc3 f6 32. Rc6
Rc8 33. Bc7 b4 34. Qc5 Bd7 35. Qe3+ Kf7 36. Qb3+ Kg6 37. Qc2+ Bf5 38. Qc5 b3
39. axb3 Qxb3 40. Qc3 Qd1+ 41. Kg2 Re8 42. Rd6 Qb1 43. Ba5 h5 44. Bd8 Bh3+ 45.
Kxh3 Qf1+ 46. Kh4 Qxf2+ 47. Kh3 Qf1+ 48. Kg3 h4+ 49. Kf4 Qg2 50. Rxf6+ Kh7 51.
Qd3+ Kh8 52. Rg6 Qxh2+ 53. Kg4 Rf8 54. Kh5 Qf4 55. Bxh4 Rf5+ 56. Rg5 Qxf3+ 57.
Qxf3 1/2-1/2

[Event "3. ODEM U25 2006"]
[Site "Willingen GER"]
[Date "2006.06.07"]
[Round "6"]
[White "Lantzsch, Christian"]
[Black "Stratonowitsch, Andre"]
[Result "1-0"]
[Termination "normal"]
[Board "5"]
[WhiteElo "2210"]
[BlackElo "1990"]
[PlyCount "125"]
[WhiteFideId "4659821"]
[BlackFideId "24613959"]
[EventCountry "GER"]
[EventRounds "9"]
[EventType "swiss"]
[EventDate "2006.06.03"]

1. d4 d5 2. Bg5 g6 3. e3 Bg7 4. Nf3 Nf6 5. c4 Ne4 6. Bh4 c6 7. cxd5 cxd5 8. Nc3
Qa5 9. Qb3 Nxc3 10. bxc3 Nc6 11. Bb5 a6 12. Bxc6+ bxc6 13. O-O Bf6 14. Bxf6
exf6 15. Qb4 Qxb4 16. cxb4 Rb8 17. a3 Bg4 18. Nd2 Be2 19. Rfc1 Kd7 20. Nb3 Kd6
21. Rc3 Bg4 22. f3 Bc8 23. Kf2 Re8 24. Ke2 Rb6 25. Kd2 h5 26. Re1 f5 27. Na5
Be6 28. h4 Rc8 29. Ke2 f6 30. Kf2 g5 31. Rh1 Bf7 32. Rhc1 Bg6 33. Rc5 Rc7 34.
Nb3 Rb5 35. Nd2 Kd7 36. Rxb5 axb5 37. Nb3 Kd6 38. Nc5 Ra7 39. Ra1 Bh7 40. Nb3
Ra8 41. Na5 Rb8 42. Rc1 Rb6 43. hxg5 fxg5 44. f4 gxf4 45. exf4 Bg6 46. Kg3 Be8
47. Kh4 Rb8 48. Kg5 Ke6 49. Re1+ Kf7 50. Rc1 Ke6 51. Nxc6 Rc8 52. Re1+ Kd6 53.
Ne7 Rc2 54. Nxf5+ Kd7 55. g3 Rc3 56. Re3 Rc6 57. Nh4 Rc4 58. Nf3 Rc1 59. f5 Kd8
60. f6 Rf1 61. Kh6 Rf2 62. Kg7 h4 63. Rxe8+ 1-0

[Event "3. ODEM U25 2006"]
[Site "Willingen GER"]
[Date "2006.06.07"]
[Round "6"]
[White "Kyas, Marcel"]
[Black "Stuhl, Alexander"]
[Result "0-1"]
[Termination "normal"]
[Board "6"]
[WhiteElo "1918"]
[BlackElo "2115"]
[PlyCount "80"]
[WhiteFideId "24642037"]
[BlackFideId "24601373"]
[EventCountry "GER"]
[EventRounds "9"]
[EventType "swiss"]
[EventDate "2006.06.03"]

1. d4 e6 2. c4 f5 3. Nc3 d5 4. Bf4 c6 5. e3 Nf6 6. Nf3 Be7 7. Bd3 O-O 8. O-O
Ne4 9. h3 Nd7 10. Ne5 Nxe5 11. Bxe5 b6 12. f3 Nxc3 13. bxc3 c5 14. Qb3 Bb7 15.
Rac1 Bd6 16. Bxd6 Qxd6 17. Rfd1 f4 18. cxd5 fxe3 19. Be2 Bxd5 20. c4 Bxf3 21.
Qxe3 Bxe2 22. Qxe2 cxd4 23. Qe4 Rad8 24. Rd3 Rf4 25. Qb7 Rf7 26. Qe4 Rf4 27.
Qb7 Qd7 28. Qa6 e5 29. Rcd1 Rdf8 30. R3d2 e4 31. Qa3 d3 32. Qb3 Qd4+ 33. Kh1
Kh8 34. Qb1 Qxc4 35. Rc1 Qd4 36. Re1 a5 37. Qc1 h6 38. Qc6 a4 39. Qg6 b5 40.
Qc6 Qe5 0-1

[Event "3. ODEM U25 2006"]
[Site "Willingen GER"]
[Date "2006.06.07"]
[Round "6"]
[White "Coenen, Michael"]
[Black "Reck, Moritz"]
[Result "1/2-1/2"]
[Termination "normal"]
[Board "7"]
[WhiteElo "2109"]
[BlackElo "1904"]
[PlyCount "152"]
[WhiteFideId "4697367"]
[BlackFideId "24647748"]
[EventCountry "GER"]
[EventRounds "9"]
[EventType "swiss"]
[EventDate "2006.06.03"]

1. e4 g6 2. d4 Bg7 3. f4 d6 4. Nf3 c5 5. c3 Nf6 6. e5 dxe5 7. fxe5 Nfd7 8. e6
fxe6 9. Ng5 Qb6 10. Bc4 Nf8 11. dxc5 Qxc5 12. Qe2 Bf6 13. Ne4 Qh5 14. Qf2 Qf5
15. Qe2 Qh5 16. Qxh5 gxh5 17. O-O Nbd7 18. Bh6 Kf7 19. Nbd2 Ne5 20. Be2 Kg6 21.
Bf4 Nfd7 22. Nb3 Nc6 23. Bd3 Nde5 24. Bc2 Kg7 25. Ng3 h4 26. Nh5+ Kf7 27. Bg5
Nc4 28. Nxf6 exf6 29. Bxf6 Re8 30. Bxh7 Ne3 31. Rf3 Nf5 32. Bxf5 Kxf6 33. Be4+
Kg5 34. Raf1 Ne5 35. Rf8 Bd7 36. Rxe8 Rxe8 37. Bxb7 Bb5 38. Rf2 Nd3 39. Rd2 e5
40. Be4 Nf4 41. Nc1 Rf8 42. Bf3 Nh3+ 43. gxh3 Rxf3 44. Rd5 Rf1+ 45. Kg2 Kf4 46.
Nb3 Bc4 47. Rd2 Rb1 48. Rf2+ Kg5 49. Kf3 Re1 50. Rd2 Bf1 51. Nc5 Bxh3 52. Ne4+
Kf5 53. Nd6+ Kg5 54. Ne4+ Kf5 55. Nd6+ Kg5 56. Kf2 Rf1+ 57. Ke3 Bg4 58. Ne4+
Kf5 59. Rf2+ Rxf2 60. Nxf2 Bh5 61. c4 Bf7 62. b3 a5 63. Ne4 Kg4 64. Nf2+ Kf5
65. h3 Ke6 66. Ne4 Bg6 67. a3 Bf5 68. b4 axb4 69. axb4 Kd7 70. Nf2 Kc6 71. Nd3
Kd6 72. Nf2 Kc6 73. Kf3 Be6 74. c5 Kb5 75. Ke4 Kxb4 76. Kxe5 Bxh3 1/2-1/2

[Event "3. ODEM U25 2006"]
[Site "Willingen GER"]
[Date "2006.06.07"]
[Round "6"]
[White "Bissbort, Julian"]
[Black "Billing, Alexander"]
[Result "1-0"]
[Termination "normal"]
[Board "8"]
[WhiteElo "2042"]
[BlackElo "1790"]
[PlyCount "41"]
[WhiteFideId "24618144"]
[BlackFideId "24624420"]
[EventCountry "GER"]
[EventRounds "9"]
[EventType "swiss"]
[EventDate "2006.06.03"]

1. e4 e6 2. d4 d5 3. exd5 exd5 4. Bd3 Bd6 5. Nc3 c6 6. Nge2 Ne7 7. Bf4 Bxf4 8.
Nxf4 Qb6 9. Qd2 Qxd4 10. O-O-O Bf5 11. Nb5 Qf6 12. Nc7+ Kd7 13. Nxa8 Bxd3 14.
Nxd3 Na6 15. Rhe1 Rxa8 16. Re3 Nc7 17. Rf3 Qh4 18. Rxf7 Qxh2 19. Qg5 Qd6 20.
Qxg7 Re8 21. Re1 1-0

[Event "3. ODEM U25 2006"]
[Site "Willingen GER"]
[Date "2006.06.07"]
[Round "6"]
[White "Linsenmeyer, Mario"]
[Black "Dorn, Matthias"]
[Result "1-0"]
[Termination "normal"]
[Board "9"]
[WhiteElo "2022"]
[BlackElo "1893"]
[PlyCount "97"]
[WhiteFideId "24635138"]
[BlackFideId "24600695"]
[EventCountry "GER"]
[EventRounds "9"]
[EventType "swiss"]
[EventDate "2006.06.03"]

1. e4 c5 2. Nf3 d6 3. d4 cxd4 4. Nxd4 Nf6 5. Nc3 g6 6. Be3 Bg7 7. Bc4 O-O 8. f3
Nc6 9. Qd2 Bd7 10. O-O-O Rc8 11. Bb3 Ne5 12. Kb1 Nc4 13. Bxc4 Rxc4 14. g4 b5
15. b3 Rc8 16. Ndxb5 a6 17. Nd4 Qc7 18. Nd5 Nxd5 19. exd5 a5 20. Bh6 Bxh6 21.
Qxh6 a4 22. h4 f6 23. Rhe1 Rfe8 24. Qd2 Qb7 25. h5 Qxd5 26. hxg6 hxg6 27. Rh1
Qf7 28. Qh2 Qg7 29. Nf5 gxf5 30. gxf5 Bxf5 31. Rdg1 Bxc2+ 32. Ka1 Bg6 33. Rxg6
Qxg6 34. Rg1 Qxg1+ 35. Qxg1+ Kf7 36. bxa4 Rc4 37. Qd1 Rc5 38. f4 Rec8 39. Qb3+
Kf8 40. Qh3 Ke8 41. a5 f5 42. a6 R8c7 43. Qb3 Rc8 44. a7 Kf8 45. Qb8 Rc1+ 46.
Kb2 R1c2+ 47. Ka3 R2c3+ 48. Ka4 R3c4+ 49. Ka5 1-0

[Event "3. ODEM U25 2006"]
[Site "Willingen GER"]
[Date "2006.06.07"]
[Round "6"]
[White "Willems, Sebastian"]
[Black "Held, Florian"]
[Result "0-1"]
[Termination "normal"]
[Board "10"]
[WhiteElo "1886"]
[BlackElo "2016"]
[PlyCount "88"]
[BlackFideId "24629090"]
[EventCountry "GER"]
[EventRounds "9"]
[EventType "swiss"]
[EventDate "2006.06.03"]

1. c4 Nf6 2. Nc3 g6 3. Nf3 Bg7 4. d4 O-O 5. e3 d6 6. Be2 Nbd7 7. O-O e5 8. Qc2
c6 9. b3 Re8 10. dxe5 dxe5 11. Rd1 Qe7 12. a4 a5 13. Ba3 Nc5 14. b4 Bf5 15. Qb2
axb4 16. Bxb4 Bf8 17. a5 Qc7 18. Bxc5 Bxc5 19. Na4 Ba7 20. Nb6 Rab8 21. c5 Ne4
22. Rac1 Qe7 23. Qb4 Rbd8 24. Rxd8 Rxd8 25. g4 Nxf2 26. Kxf2 e4 27. gxf5 exf3
28. Bxf3 Qe5 29. fxg6 Qxh2+ 30. Bg2 fxg6 31. Qe4 Rf8+ 32. Ke2 Qh5+ 33. Bf3 Qh2+
34. Kd3 Rd8+ 35. Kc4 Qa2+ 36. Kb4 Qb2+ 37. Ka4 Qb5+ 38. Ka3 Rd3+ 39. Ka2 Qb3+
40. Ka1 Qa3+ 41. Kb1 Rb3+ 42. Kc2 Rc3+ 43. Kd2 Qxc1+ 44. Ke2 Rc2+ 0-1

[Event "3. ODEM U25 2006"]
[Site "Willingen GER"]
[Date "2006.06.07"]
[Round "6"]
[White "Jussupow, Alexander"]
[Black "Quaschner, Tobias"]
[Result "1/2-1/2"]
[Termination "normal"]
[Board "11"]
[WhiteElo "1972"]
[BlackElo "1693"]
[PlyCount "120"]
[WhiteFideId "24613509"]
[BlackFideId "24646989"]
[EventCountry "GER"]
[EventRounds "9"]
[EventType "swiss"]
[EventDate "2006.06.03"]

1. d4 g6 2. Nf3 Bg7 3. c4 d6 4. Nc3 Nc6 5. Bg5 Nf6 6. e3 O-O 7. Be2 Bf5 8. Qb3
Qc8 9. O-O h6 10. Bh4 g5 11. Bg3 Nh5 12. Nd2 Nxg3 13. hxg3 Bg6 14. d5 Ne5 15.
Rae1 Nd7 16. e4 e5 17. g4 Nf6 18. Qd1 a6 19. Bf3 Kh7 20. Qe2 Rh8 21. Nd1 Kg8
22. Ne3 h5 23. Nf5 Bxf5 24. exf5 hxg4 25. Bxg4 Rh4 26. f3 b5 27. Ne4 Nxe4 28.
fxe4 Bf6 29. g3 Rh8 30. Kg2 Kg7 31. Rh1 Qb7 32. b4 bxc4 33. Qxc4 Qb5 34. Rc1
Qxc4 35. Rxc4 Ra7 36. Rhc1 Rc8 37. Rc6 Rb8 38. a3 Bd8 39. Rb1 a5 40. b5 Rb6 41.
Rcc1 Rb8 42. Rc3 f6 43. Be2 Kf7 44. Rh1 Kg7 45. a4 Kg8 46. Bh5 Rba8 47. Bg6 Kf8
48. Rh7 Kg8 49. Rc1 c5 50. Rh3 Rg7 51. Rch1 Kf8 52. Rh8+ Rg8 53. R1h7 Rxh8 54.
Rxh8+ Ke7 55. Rh7+ Kf8 56. Rf7+ Kg8 57. Kf3 Rc8 58. Ke2 Rc7 59. Rxc7 Bxc7 60.
Kd3 Bb6 1/2-1/2

[Event "3. ODEM U25 2006"]
[Site "Willingen GER"]
[Date "2006.06.07"]
[Round "6"]
[White "Zentgraf, Robert"]
[Black "Balz, Christian"]
[Result "1/2-1/2"]
[Termination "normal"]
[Board "12"]
[WhiteElo "2106"]
[BlackElo "1637"]
[PlyCount "21"]
[WhiteFideId "4676483"]
[BlackFideId "24664367"]
[EventCountry "GER"]
[EventRounds "9"]
[EventType "swiss"]
[EventDate "2006.06.03"]

1. Nf3 Nf6 2. g3 d5 3. d4 c6 4. Bg2 g6 5. O-O Bg7 6. Nbd2 O-O 7. c4 Qc7 8. Qb3
Rd8 9. Rd1 h6 10. cxd5 Nxd5 11. e4 1/2-1/2

[Event "3. ODEM U25 2006"]
[Site "Willingen GER"]
[Date "2006.06.07"]
[Round "6"]
[White "Huhnstock, Rico"]
[Black "Grüner, Sven"]
[Result "0-1"]
[Termination "normal"]
[Board "13"]
[WhiteElo "1795"]
[BlackElo "2107"]
[PlyCount "64"]
[WhiteFideId "24642932"]
[BlackFideId "4687221"]
[EventCountry "GER"]
[EventRounds "9"]
[EventType "swiss"]
[EventDate "2006.06.03"]

1. e4 d6 2. d4 Nf6 3. Nc3 g6 4. Nf3 Bg7 5. Be2 O-O 6. O-O c6 7. Bf4 b5 8. Bd3
b4 9. Na4 Nbd7 10. c3 c5 11. Bd2 bxc3 12. Bxc3 cxd4 13. Nxd4 Ne5 14. Bc2 Bb7
15. Re1 Rc8 16. f3 Nc4 17. Bb3 Na5 18. Bc2 Nc4 19. Bb3 Ba6 20. Kh1 e6 21. Bxc4
Bxc4 22. b3 Ba6 23. Rc1 Qd7 24. Nb2 Nh5 25. Qd2 Qe7 26. Nd3 Qh4 27. Nb4 Be5 28.
g4 Ng3+ 29. Kg1 Rxc3 30. Nxa6 Rxc1 31. Qxc1 Bxd4+ 32. Kg2 Nxe4 0-1

[Event "3. ODEM U25 2006"]
[Site "Willingen GER"]
[Date "2006.06.07"]
[Round "6"]
[White "Albers, Damian"]
[Black "Onasch, Paul"]
[Result "0-1"]
[Termination "normal"]
[Board "14"]
[WhiteElo "1978"]
[BlackElo "1798"]
[PlyCount "78"]
[WhiteFideId "4695186"]
[BlackFideId "24647896"]
[EventCountry "GER"]
[EventRounds "9"]
[EventType "swiss"]
[EventDate "2006.06.03"]

1. e4 d5 2. exd5 Qxd5 3. Nc3 Qa5 4. d4 c6 5. Bc4 Bf5 6. Bd2 e6 7. Qe2 Bb4 8. g4
Bg6 9. f4 Ne7 10. O-O-O Nd7 11. a3 Bxc3 12. Bxc3 Qc7 13. f5 exf5 14. Re1 Nb6
15. Bb4 O-O-O 16. Bxe7 Rde8 17. gxf5 Qf4+ 18. Kb1 Bxf5 19. Bxf7 Bxc2+ 20. Qxc2
Qxf7 21. Bh4 Rxe1+ 22. Bxe1 Qd5 23. Nf3 Qxf3 24. Rg1 g6 25. Bg3 Re8 26. Be5 Nd7
27. Bg3 Qe4 28. Qxe4 Rxe4 29. Re1 Rxe1+ 30. Bxe1 Nf6 31. Kc2 Kd7 32. Kd3 Ke6
33. Kc4 g5 34. a4 h5 35. b4 Ne4 36. b5 cxb5+ 37. axb5 h4 38. Kd3 Kd5 39. Ke3
Nd6 0-1

[Event "3. ODEM U25 2006"]
[Site "Willingen GER"]
[Date "2006.06.07"]
[Round "6"]
[White "Gonnermann, Jan"]
[Black "Dalakian, Haroutioun"]
[Result "1/2-1/2"]
[Termination "normal"]
[Board "15"]
[WhiteElo "1689"]
[BlackElo "1953"]
[PlyCount "45"]
[WhiteFideId "24646830"]
[BlackFideId "24632058"]
[EventCountry "GER"]
[EventRounds "9"]
[EventType "swiss"]
[EventDate "2006.06.03"]

1. e4 e5 2. Nf3 Nc6 3. Bb5 Nf6 4. O-O Nxe4 5. Re1 Nd6 6. Bxc6 dxc6 7. Rxe5+ Be7
8. Qe1 Nc4 9. Re4 Nd6 10. Re5 f6 11. Re3 Kf7 12. d3 Nf5 13. Re2 Bd6 14. Nc3 Re8
15. Ne4 Bd7 16. Bd2 Ne7 17. h3 Ng6 18. Nxd6+ cxd6 19. Rxe8 Qxe8 20. Qxe8+ Rxe8
21. Kf1 Ne5 22. Nxe5+ Rxe5 23. Re1 1/2-1/2

[Event "3. ODEM U25 2006"]
[Site "Willingen GER"]
[Date "2006.06.07"]
[Round "6"]
[White "Yin, Zixiao"]
[Black "Klebanov, Andrej"]
[Result "1/2-1/2"]
[Termination "normal"]
[Board "16"]
[WhiteElo "1898"]
[BlackElo "1758"]
[PlyCount "32"]
[WhiteFideId "24622729"]
[BlackFideId "24669989"]
[EventCountry "GER"]
[EventRounds "9"]
[EventType "swiss"]
[EventDate "2006.06.03"]

1. c3 d5 2. g3 c6 3. Na3 e5 4. Nc2 Bd6 5. Bg2 f5 6. d3 Nf6 7. Bg5 h6 8. Bxf6
Qxf6 9. Nf3 O-O 10. O-O Be6 11. e4 Nd7 12. Nd2 Rac8 13. c4 d4 14. f4 c5 15. g4
g6 16. gxf5 gxf5 1/2-1/2

[Event "3. ODEM U25 2006"]
[Site "Willingen GER"]
[Date "2006.06.07"]
[Round "6"]
[White "Sancar, Kenan"]
[Black "Jorczik, Andreas"]
[Result "0-1"]
[Termination "normal"]
[Board "17"]
[WhiteElo "1661"]
[BlackElo "1867"]
[PlyCount "126"]
[WhiteFideId "24647543"]
[BlackFideId "24634921"]
[EventCountry "GER"]
[EventRounds "9"]
[EventType "swiss"]
[EventDate "2006.06.03"]

1. e4 c5 2. Nf3 e6 3. d4 cxd4 4. Nxd4 Nf6 5. Nc3 d6 6. Bg5 Be7 7. f4 a6 8. Be2
O-O 9. O-O Nc6 10. Bf3 Qb6 11. e5 dxe5 12. fxe5 Nxe5 13. Na4 Nxf3+ 14. Rxf3 Qa5
15. Bxf6 Bxf6 16. c3 Rd8 17. Qc2 Bd7 18. b3 Bxa4 19. bxa4 Qc5 20. Qf2 Bxd4 21.
cxd4 Qxd4 22. Rf1 f6 23. Qxd4 Rxd4 24. Rb3 Rxa4 25. Rxb7 Rxa2 26. Rc1 Rd8 27.
h3 Ra5 28. Rcc7 Rg5 29. Ra7 a5 30. h4 Rg4 31. Rxa5 Rxh4 32. Raa7 Rg4 33. Kf2 h5
34. Ra5 e5 35. Raa7 Rd2+ 36. Ke3 Rdxg2 37. Rc8+ Kh7 38. Raa8 R2g3+ 39. Kf2 h4
40. Rh8+ Kg6 41. Ra7 Kf5 42. Rh5+ Kf4 43. Ra4+ e4 44. Rh8 Rg2+ 45. Ke1 Rb2 46.
Kf1 Kf3 47. Ra3+ e3 48. Rxe3+ Kxe3 49. Re8+ Re4 50. Rc8 Kf3 51. Rc3+ Re3 52.
Rc1 h3 53. Kg1 Rg2+ 54. Kh1 Kg3 55. Rf1 Rf2 56. Rg1+ Kf3 57. Ra1 Rd2 58. Rg1
Ke2 59. Kh2 Kf3+ 60. Kh1 Ree2 61. Ra1 Rh2+ 62. Kg1 Rdg2+ 63. Kf1 Rh1# 0-1

[Event "3. ODEM U25 2006"]
[Site "Willingen GER"]
[Date "2006.06.07"]
[Round "6"]
[White "Koksch, Florian"]
[Black "Kamrla, Robin"]
[Result "1-0"]
[Termination "normal"]
[Board "18"]
[WhiteElo "1847"]
[BlackElo "1532"]
[PlyCount "111"]
[WhiteFideId "24613584"]
[EventCountry "GER"]
[EventRounds "9"]
[EventType "swiss"]
[EventDate "2006.06.03"]

1. e4 c5 2. Nf3 Nc6 3. d4 cxd4 4. Nxd4 Nf6 5. Nc3 e5 6. Ndb5 d6 7. Bg5 a6 8.
Na3 b5 9. Nd5 Be7 10. Bxf6 Bxf6 11. c3 O-O 12. Nc2 Bg5 13. h4 Be7 14. Nce3 f5
15. exf5 Bxf5 16. Nxf5 Rxf5 17. a4 b4 18. Ne3 Rf4 19. g3 Rf7 20. Bc4 Qe8 21.
O-O Kh8 22. Bxf7 Qxf7 23. Qd5 Qxd5 24. Nxd5 bxc3 25. Rac1 Bf6 26. Rxc3 Nd4 27.
Kg2 Rb8 28. Rfc1 h6 29. Rc8+ Rxc8 30. Rxc8+ Kh7 31. Nxf6+ gxf6 32. Ra8 Kg6 33.
Rxa6 Nf5 34. g4 Nxh4+ 35. Kg3 Kg5 36. Rxd6 f5 37. a5 f4+ 38. Kh3 h5 39. gxh5
Kxh5 40. Rh6+ Kxh6 41. Kxh4 e4 42. Kg4 e3 43. fxe3 fxe3 44. Kf3 Kg6 45. Kxe3
Kf6 46. Kd4 Ke6 47. Kc5 Kd7 48. b4 Kc7 49. b5 Kb7 50. a6+ Ka7 51. Kc6 Kb8 52.
b6 Ka8 53. b7+ Kb8 54. a7+ Kxa7 55. Kc7 Ka6 56. b8=Q 1-0

[Event "3. ODEM U25 2006"]
[Site "Willingen GER"]
[Date "2006.06.07"]
[Round "6"]
[White "Sieker, Roland"]
[Black "Sonntag, Hermann"]
[Result "1-0"]
[Termination "normal"]
[Board "19"]
[WhiteElo "1984"]
[BlackElo "2047"]
[PlyCount "115"]
[WhiteFideId "24600261"]
[BlackFideId "4695925"]
[EventCountry "GER"]
[EventRounds "9"]
[EventType "swiss"]
[EventDate "2006.06.03"]

1. e4 e6 2. d3 d5 3. Nd2 c5 4. c3 Nc6 5. Be2 Bd6 6. Ngf3 Nf6 7. O-O O-O 8. Re1
Qc7 9. exd5 exd5 10. Nf1 h6 11. d4 b6 12. Ng3 Be6 13. Bd3 Rfe8 14. Be3 c4 15.
Bc2 Bg4 16. Nf5 Bxh2+ 17. Kh1 Bf4 18. Qd2 Bxe3 19. Rxe3 Ne4 20. Bxe4 dxe4 21.
N3h4 Qf4 22. g3 Bf3+ 23. Kg1 Qg4 24. Rae1 Re6 25. Qc2 Qh3 26. Rxf3 exf3 27.
Rxe6 fxe6 28. Nxh6+ Kf8 29. Qg6 gxh6 30. Qxh6+ Ke8 31. Qh8+ Kd7 32. Qxa8 Qg4
33. Qb7+ Kd6 34. Qf7 Qe4 35. Qf4+ Qxf4 36. gxf4 Kd5 37. Nxf3 Ke4 38. Ne5 Na5
39. f3+ Kxf4 40. Kf2 b5 41. Ke2 a6 42. Nd7 Nb7 43. Nc5 Nxc5 44. dxc5 Ke5 45. b4
cxb3 46. axb3 a5 47. b4 a4 48. Kd3 Kd5 49. f4 e5 50. fxe5 Kxe5 51. Kc2 Kd5 52.
Kb2 Kc6 53. Ka2 Kd5 54. Ka3 Ke6 55. c4 bxc4 56. Kxa4 Kd5 57. Ka3 Kd4 58. c6 1-0

[Event "3. ODEM U25 2006"]
[Site "Willingen GER"]
[Date "2006.06.07"]
[Round "6"]
[White "Völz, Michael"]
[Black "Schneider, Christian"]
[Result "0-1"]
[Termination "normal"]
[Board "20"]
[WhiteElo "1629"]
[BlackElo "2039"]
[PlyCount "103"]
[WhiteFideId "24640107"]
[BlackFideId "24613886"]
[EventCountry "GER"]
[EventRounds "9"]
[EventType "swiss"]
[EventDate "2006.06.03"]

1. e4 c6 2. d4 d5 3. exd5 cxd5 4. Bd3 Nc6 5. c3 Nf6 6. Bf4 Bg4 7. Qb3 Qd7 8.
Nd2 e6 9. Ngf3 a6 10. a4 Rc8 11. Ne5 Nxe5 12. Bxe5 Be7 13. O-O O-O 14. Qc2 Kh8
15. a5 Bh5 16. Rfe1 Bg6 17. Nf3 Bxd3 18. Qxd3 Ne4 19. Nd2 Nxd2 20. Qxd2 Rc4 21.
Qc2 Rfc8 22. Qb3 Ra8 23. Ra2 Qb5 24. Qxb5 axb5 25. Rea1 Ra6 26. Rc1 Bd8 27. b4
Be7 28. Rb2 Rac6 29. h3 Rxc3 30. Rxc3 Rxc3 31. Bf4 Rc4 32. Be3 Rxb4 33. Rc2 Rc4
34. Ra2 Rc6 35. Rb2 b4 36. Bd2 Rc4 37. Ra2 b3 38. Rb2 Bb4 39. Be3 Bxa5 40. Rxb3
b6 41. Kf1 Rc2 42. Bf4 Kg8 43. Bd6 f6 44. Bb4 Bxb4 45. Rxb4 Rc6 46. f4 Kf7 47.
Ke2 Rc4 48. Rxb6 Rxd4 49. Ke3 Re4+ 50. Kf3 g5 51. g3 gxf4 52. gxf4 0-1

[Event "3. ODEM U25 2006"]
[Site "Willingen GER"]
[Date "2006.06.07"]
[Round "6"]
[White "Geshnizjani, Ramin"]
[Black "Schmitt, Philipp"]
[Result "1-0"]
[Termination "normal"]
[Board "21"]
[WhiteElo "2035"]
[BlackElo "1887"]
[PlyCount "111"]
[WhiteFideId "24633089"]
[BlackFideId "24641766"]
[EventCountry "GER"]
[EventRounds "9"]
[EventType "swiss"]
[EventDate "2006.06.03"]

1. e4 e6 2. d4 d5 3. Nd2 c5 4. exd5 exd5 5. Ngf3 Nc6 6. Bb5 cxd4 7. O-O Bd6 8.
Nb3 Nge7 9. Nbxd4 O-O 10. Bd3 h6 11. h3 Re8 12. c3 Nxd4 13. Nxd4 a6 14. Be3 Nc6
15. Nxc6 bxc6 16. Bc2 Rb8 17. b4 Be5 18. Qd3 f5 19. Bd4 Qf6 20. Bxe5 Rxe5 21.
Rfe1 a5 22. a3 axb4 23. axb4 Rxe1+ 24. Rxe1 Bd7 25. Ra1 Re8 26. Bb3 Kh7 27. Ra7
Re1+ 28. Kh2 Qd6+ 29. g3 Re4 30. Bc2 Qe6 31. Qf3 Re5 32. Qf4 Be8 33. Rc7 Bg6
34. Rxc6 Qxc6 35. Qxe5 Qb6 36. Qd4 Qc6 37. Bb3 Bf7 38. Qe5 Be6 39. Bc2 Qd7 40.
Bd3 g6 41. b5 Qa7 42. Qd4 Qb7 43. b6 Kg8 44. Be2 Kf7 45. Bf3 Ke7 46. Qc5+ Kf6
47. c4 f4 48. Qf8+ Bf7 49. Bxd5 fxg3+ 50. fxg3 Qd7 51. Qxf7+ Qxf7 52. Bxf7 Kg5
53. b7 Kf6 54. b8=Q Kg5 55. Qf4+ Kh5 56. Qf5# 1-0